000 00495nam a2200193Ia 4500
001 22910
003 GE_BSU
008 181216s||||||||xx |||||||||||||| ||und||
040 _cGE_BSU
245 4 _aThe Economist, August 4th- 10th. 2018
245 _bNumber 9105 Volume 428
260 _aParis
260 _c2018
300 _a74 p. 26cm. ill.
653 _aNumber 9105 Volume 428
653 _aThe Economist, August 4th- 10th. 2018
653 _aპერიოდიკა
942 _cCR
999 _c55813
_d55813